000
00298nam a2200133Ia 4500
005
20251222155205.0
008
251222s9999||||xx |||||||||||||| ||spa||
082
_a
REL.153
100
_a
LOZANO BARRAGAN.
245
0
_a
TeologĂa y medicina
250
_a
1ra. ed.
264
_b
Velar
942
_c
LIB
999
_c
40089
_d
40089